ბათუმის შოთა რუსთაველის სახელმწიფო უნივერსიტეტის ბიბლიოთეკა

Треугольная система координат и ее применение для некоторых металлургических рассчетов (ბიბ.ჩანაწერი № 47994)

000 -LEADER
fixed length control field 00799nam a2200205Ia 4500
001 - CONTROL NUMBER
control field 14872
003 - CONTROL NUMBER IDENTIFIER
control field GE_BSU
008 - FIXED-LENGTH DATA ELEMENTS--GENERAL INFORMATION
fixed length control field 181216s||||||||xx |||||||||||||| ||und||
040 ## - CATALOGING SOURCE
Transcribing agency GE_BSU
080 ## - UNIVERSAL DECIMAL CLASSIFICATION NUMBER
Universal Decimal Classification number 519.675
100 ## - MAIN ENTRY--PERSONAL NAME
Personal name Блох,Л.С.
245 ## - TITLE STATEMENT
Title Треугольная система координат и ее применение для некоторых металлургических рассчетов
245 ## - TITLE STATEMENT
Statement of responsibility, etc. Ред.Денисюк И.Н.и В.Н.Парцевский
260 ## - PUBLICATION, DISTRIBUTION, ETC.
Place of publication, distribution, etc. Москва
260 ## - PUBLICATION, DISTRIBUTION, ETC.
Name of publisher, distributor, etc. Гостехиздат
260 ## - PUBLICATION, DISTRIBUTION, ETC.
Date of publication, distribution, etc. 1952
300 ## - PHYSICAL DESCRIPTION
Extent 93стр.22см.
653 ## - INDEX TERM--UNCONTROLLED
Uncontrolled term Треугольная система координат и ее применение для некоторых металлургических рассчетов
942 ## - ADDED ENTRY ELEMENTS (KOHA)
Koha item type წიგნი
ეგზემპლარები
Withdrawn status Lost status Damaged status Not for loan Date acquired Barcode Date last seen Price effective from Koha item type
        2018-12-17 17971 2018-12-17 2018-12-17 წიგნი